000 00302nam a22001337a 4500
008 171103b xxu||||| |||| 00| 0 eng d
020 _a9780618071883
041 _aeng
080 _25TH
_a33
100 _a60
101 _aBUS
245 _aGLOBAL MARKETING STRATEGIES
_cJEANNET,J.P
942 _2udc
_cBK
999 _c37431
_d37431